[Event "Internet Section 06A g/8'+2\""]
[White "Connor, Yamada"]
[Black "Hains, Jonathan"]
[Site "Dos Hermanas"]
[Round "8"]
[Result "0-1"]
[Date "2004.03.06"]
[WhiteElo "1143"]
[BlackElo "1551"]
[PlyCount "46"]
[EventDate "2004.03.06"]
[EventType "swiss (blitz)"]
[EventRounds "9"]
[EventCountry "ESP"]
[SourceTitle "CBM 099 Extra"]
[Source "ChessBase"]
[SourceDate "2004.05.04"]
[SourceVersion "1"]
[SourceVersionDate "2004.05.04"]
[SourceQuality "1"]

1. e4 c5 2. c3 Nf6 3. e5 Nd5 4. d4 cxd4 5. cxd4 d6 6. Nf3 Nc6 7. exd6 Qxd6 8. Bb5 e6 9. Bxc6+ Qxc6 10. 0-0 Be7 11. Ne5 Qc7 12. Bd2 b6 13. Nc3 Nxc3 14. Bxc3 Bb7 15. Qg4 Bf6 16. Rfe1 0-0 17. Re3 Qd6 18. Rg3 Qd5 19. Bd2 Rfd8 20. Bh6 g6 21. Qf4 Bxe5 22. dxe5 Qd1+ 23. Rxd1 Rxd1# 0-1